Statistics for Portugal Euro 2016 squad

Click here to take the quiz!

General Stats

  • This quiz has been taken 30 times
  • The average score is 18 of 23

Answer Stats

Position Player Team % Correct
FWNaniFenerbahçe
100%
FWCristiano RonaldoReal Madrid
97%
GKRui PatrícioSporting CP
93%
FWÉderLille
93%
DFPepeReal Madrid
93%
FWRicardo QuaresmaBeşiktaş
90%
DFCédricSouthampton
86%
MFJoão MoutinhoMonaco
83%
DFJosé FonteSouthampton
83%
DFRicardo CarvalhoMonaco
79%
DFBruno AlvesFenerbahçe
76%
MFRenato SanchesBenfica
76%
DFRaphaël GuerreiroLorient
72%
MFJoão MárioSporting CP
72%
MFDaniloPorto
72%
MFAndré GomesValencia
69%
GKAnthony LopesLyon
69%
MFWilliam CarvalhoSporting CP
69%
MFRafa SilvaBraga
66%
GKEduardoDinamo Zagreb
66%
MFAdrien SilvaSporting CP
62%
MFVieirinhaVfL Wolfsburg
59%
DFEliseuBenfica
55%

Score Distribution

Percentile by Number Answered

Percent of People with Each Score

Your Score History

You have not taken this quiz